000 00691cam a2200145 4500500
005 20260426010552.0
041 _afre
042 _adc
100 1 0 _aBouttier, Michel
_eauthor
245 0 0 _aMarc Boss, Doris Lax, Jean Richard, éd., Éthique sociale et socialisme religieux. Actes du XVe Colloque International Paul Tillich, Toulouse 2003, Münster, Lit, coll. « Tillich Studien », 2005. 23,5 cm. 276 p. € 29,90
260 _c2005.
500 _a20
786 0 _nÉtudes théologiques et religieuses | 80 | 3 | 2005-09-01 | p. 431u-454u | 0014-2239
856 4 1 _uhttps://shs.cairn.info/revue-etudes-theologiques-et-religieuses-2005-3-page-431u?lang=fr&redirect-ssocas=7080
999 _c2222535
_d2222535